000 01590nam0a2200325 4500
001 RU\NLR\bibl\1382685
005 20250615193902.0
010 _a978-5-91373-017-6
_92000
021 _aRU
_b2009-31055
_91871
035 _a(NLR Aleph) 001374761
090 _a1064322
_c1064322
100 _a20090617d2008 |||y0rusy50 ca
101 0 _arus
102 _aRU
105 _aac |||||||||
200 1 _aДесять лет на императорской яхте "Штандарт"
_fНиколай Саблин
_gФедер. арх. агентство (Росархив), Рос. гос. арх. ВМФ
210 _aСанкт-Петербург
_cPetronivs
_d2008
215 _a381, [1] с., [8] л. ил., цв. ил.
_cил., портр.
_d25
225 1 _aСтраницы истории флота
300 _aВ аннот. авт.: кап. 2 ранга Н.В. Саблин
320 _aБиблиогр. в подстроч. примеч.
320 _aУказ. имен и кораблей / к.и.н. М.Е. Малевинская, Т.В. Леонтьева: с. 361-375
601 0 2 _a"Штандарт", императорская яхта
_jВоспоминания, записки и т.п.
_92219765
_3RU\NLR\auth\661332993
686 _aО425.620.41
700 1 _aСаблин
_bН. В.
_f1880-1962
_gНиколай Васильевич
_4070
801 0 _aRU
_bNLR
_c20090617
_gRCR
801 1 _aRU
_bNLR
_c20090617
942 _cBOOK
980 _aNB